000 00558nam a2200229Ia 4500
003 OSt
005 20220918180340.0
006 a|||||r|||| 00| 0
007 ta
008 220917b |||||||| |||| 00| 0 eng d
024 _a21,933
037 _cTextual
040 _aARTS
_cARTS
_beng
041 _2eng
_aeng
082 _aO:3M19x, J6
100 _aMelville Herman
_910537
245 0 _aShoter novels
260 _c1956
650 _aENGLISH LITERATURE
942 _hO:3M19x, J6
_cTEXL
_2CC
999 _c161240
_d161240